Adicción al alcohol.

Guardado en:
Formato: Deslizar
Materias:
Etiquetas: Agregar Etiqueta
Sin Etiquetas, Sea el primero en etiquetar este registro!
LEADER 00749ngm a22001935g 4500
001 CEM.cems022855
008 130507b2007##################0###0#####d
005 20241125135824.0
245 0 0 |a Adicción al alcohol. 
300 |a 57'. 
500 |a En soporte VHS, consultar en ventanilla. 
505 0 |a El alcoholismo y sus efectos. Testimonio de las víctimas. Consecuencias orgánicas. Consecuencias sociales. Prevención. Programas y organizaciones de ayuda. 
538 |a Soporte: VHS - Norma: Pal N - Color: Si - Grabación DRD 2007 - Hitachi=4515 
082 6 1 |/ BIO 
653 |a ADICCIONES 
653 |a ALCOHOLISMO 
653 |a NIVEL PRIMARIO 
653 |a NIVEL SECUNDARIO 
859 |a CEMS  |b BIB. CEMS - Depto. Recursos Didacticos  |h 612  |i BIO  |k DRD  |p 1498.12  |t Ej.1